00674cam a2200181 a 450000100100000000500170001000800410002704000300006808200190009810000190011724500940013626000800023030000350031065000470034565000510039265000260044370000230046900001527220250717131055.0840512s1964 sp ab 001 0 spa d aDO-SdBNPbspacDLCdBNPHU a230.071bG492s1 aGiner, Carlos.10aLo social y yo :btexto de doctrina social católica /cCarlos Giner, Dionisio Aranzadi. aBilbao, España :bEditorial El mensajero del corazón de jesús,c1964. a287 p. :bil., mapas ;c22 cm. 4aSociología cristianaxIglesia católica 4aSociología cristianaxEnseñanza pontificia 0aEducación religiosa1 aAranzadi, Dionisio